00451nam a22001337a 4500008004100000020001500041050002400056245013700080250001300217260002500230300001800255650002500273650001900298180809b xxu||||| |||| 00| 0 eng d a0702027502 aSF600 .V48 2003 c.1 aVeterinary Medicine bA textbook of the diseases of Cattle, Sheep, Pigs, Goats and Horses cedited by Otto M. Radostits ...[et al.]. a9th ed.  aUSAbBookpowerc2003 axxvii, 1877p. aVeterinary Medicine  aAnimal Health